Quiz di cultura generale #101 - Statistics

Statistiche generali
  • Questo quiz è stato fatto 418 volte
  • Il punteggio medio è 16 su 20
Statistiche sulle risposte
DOMANDA RISPOSTA % Corretto
80x60=? 4800
97%
Solitamente si mette appena usciti dalla doccia Accappatoio
96%
Il quarto mese dell'anno Aprile
96%
Solitamente è lo strumento che si impara a suonare alle scuole medie in Italia Flauto
95%
Può essere polare, grizzly, bruno, marsicano... Orso
95%
Materiale per cui è famosa Carrara Marmo
92%
Lo è per te la figlia del fratello di tua mamma Cugina
91%
Non vinse l'Oscar né per il Titanic e né per The Wolf of Wall Street Leonardo/Dicaprio
91%
Accompagnò Dante nell'Inferno e nel Purgatorio Virgilio
90%
La capitale ceca Praga
86%
La squadra calcistica con sede nella città di Bergamo Atalanta
85%
Isola toscana raggiungibile facilmente con un traghetto da Piombino Elba
84%
Condizione in cui il cuore batte troppo velocemente, superando i 100 battiti Tachicardia
78%
La città veneta più popolosa Verona
78%
La leggenda narra che era basso, ma si scoprì che era frutto solo della propaganda inglese Napoleone
75%
Nazione africana che secondo le stime nel 2050 supererà gli abitanti degli USA Nigeria
75%
Conduce Affari Tuoi dalla stagione 24/25 Stefano/Di Martino
68%
Re d'Israele che ha dato il nome anche a uno stato oceanico Salomone
58%
Nazione a maggioranza Induista eccetto l'India Mauritius/Nepal
55%
Quiz televisivo condotto da Scotti in cui si bisognava completare un alfabeto Passaparola
36%
Nessun quiz corrispondente trovato
Distribuzione punteggi
Percentuale di utenti per punteggio
Percentile per numero di risposta
I tuoi punteggi nel tempo
Non hai fatto questo quiz